Normal view
MARC view
Entry Término temático
001 - NÚMERO DE CONTROL
- campo de control: 51226
003 - IDENTIFICADOR DEL NÚMERO DE CONTROL
- campo de control: OSt
005 - FECHA Y HORA DE LA ÚLTIMA TRANSACCIÓN
- campo de control: 20250716095313.0
008 - DATOS DE LONGITUD FIJA
- campo de control de longitud fija: 250716|| aca||aabn | a|a d
040 ## - FUENTE DE LA CATALOGACIÓN
- Centro catalogador/agencia de origen: OSt
- Centro/agencia transcriptor: OSt
150 ## - ENCABEZAMIENTO--TÉRMINO DE MATERIA
- Término de materia o nombre geográfico como elemento de entrada: Música y juventud
670 ## - FUENTE DE DATOS ENCONTRADOS
- Cita de la fuente: Work cat.: (OSt): Cutipa Huayhua, Wilber 50904, Preferencias musicales de los jóvenes del barrio Chacarilla Alta de la ciudad de Puno /, 2023